|
|
|
|
| LEADER |
00629nam a22001811a 4500 |
| 082 |
|
|
|a M 232.9
|b KHA/M
|
| 100 |
|
|
|a Khalil Gibran
|9 100266
|
| 245 |
|
|
|a Manushyaputhranaya Yesu/
|c by Khalil Gibran
|
| 260 |
|
|
|a Nilgiris, Tamil Nadu:
|b Nithya Books,
|c 1997.
|
| 300 |
|
|
|a 123p.
|
| 650 |
|
|
|a Jesus Christ Life
|9 100267
|
| 650 |
|
|
|a Jesus
|9 100268
|
| 650 |
|
|
|a Christianity
|9 100269
|
| 650 |
|
|
|a Religion
|9 100270
|
| 700 |
|
|
|a Nitya Chaithanya Yati (ed.)
|9 100271
|
| 942 |
|
|
|c BK
|
| 999 |
|
|
|c 27725
|d 27725
|
| 952 |
|
|
|0 0
|1 0
|4 0
|6 M_232_900000000000000_KHA_M
|7 0
|9 39970
|a SSUS
|b SSUS
|d 2015-01-08
|g 45.00
|o M 232.9 KHA/M
|p 001975
|r 2015-01-08
|v 0.00
|w 2015-01-08
|y BK
|